2003 Movies - Statistics

General Stats
  • This quiz has been taken 34 times
  • The average score is 14 of 30
Answer Stats
Picture Answer % Correct
Finding Nemo
97%
Hulk
97%
Kill Bill Vol 1
90%
School Of Rock
86%
Pirates Of The Caribbean: The Curse Of The Black Pearl
83%
Spy Kids 3: Game Over
83%
Daredevil
76%
Freddy Vs Jason
72%
Love Actually
72%
Anger Management
66%
The Haunted Mansion
66%
X-Men 2
66%
Cheaper By The Dozen
59%
Final Destination 2
52%
Monster
52%
Phone Booth
38%
Underworld
38%
Shanghai Knights
34%
Agent Cody Banks
31%
Old School
31%
Something's Gotta Give
24%
Tears Of The Sun
21%
Paycheck
17%
A Man Apart
14%
The Hunted
14%
Down With Love
10%
Intolerable Cruelty
10%
Wrong Turn
10%
Biker Boyz
7%
Ned Kelly
7%
No matching quizzes found
Score Distribution
Percent of People with Each Score
Percentile by Number Answered
Your Score History
You have not taken this quiz